000 00504nam a2200181Ia 4500
999 _c27861
_d27861
003 OSt
005 20201208154819.0
008 190216s9999||||xx |||||||||||||| ||und||
020 _a8171308716
040 _coclc
082 _a894.8124
_bUDA/K
100 _aUdayabhanu, A P
_96960
245 0 _aKazhchappatukal /
_cA P Udayabhanu
260 _bD C Books,
_aKottayam:
_c1998.
300 _a194p
650 _aEssay Malayalam
942 _cBK
_2ddc
_h894.8124
_iUDA/K
_k894.8124
_mUDA/K